APEC Schools

The little prince / (Record no. 5148)

000 -LEADER
fixed length control field 01360cam a22003857a 4500
005 - DATE AND TIME OF LATEST TRANSACTION
control field 20180326031424.0
008 - FIXED-LENGTH DATA ELEMENTS--GENERAL INFORMATION
fixed length control field 110412s2010 enka b 000 f eng
020 ## - IDENTIFIER FOR THE MANIFESTATION
Identifier for the Manifestation 9780749707231
Binding paperback
040 ## - CATALOGING SOURCE
Transcribing Agency APEC Schools LIbrary
Language of Cataloging eng
Description Conventions rda
082 04 - DEWEY DECIMAL CLASSIFICATION NUMBER
Classification number FIC
Author's Number Sa229l 2009
100 1# - CREATOR
Preferred Name of the Person Saint-Exupéry, Antoine de,
Dates Associated with the Person 1900-1944.
240 10 - UNIFORM TITLE
Preferred TItle/Form/Date/Place of Origin of the Work Petit Prince.
Language of Expression English
245 14 - TITLE AND STATEMENT OF RESPONSIBILITY
Preferred Title Proper The little prince /
Statement of Responsibility/Parallel Statement of Responsibility Antoine de Saint-Exupéry.
264 ## - PUBLICATION STATEMENT
Place of publication, distribution, etc London, UK :
Publisher's Name/Parallel Publisher's Name Egmort UK Limited,
Copyright ©2009.
Date of Publication [2009].
300 ## - PHYSICAL DESCRIPTION
Extent 91 pages :
Illustrative Content some illustration ;
Dimensions 20 cm
336 ## - RDA CONTENT
Source rdacontent
Content Type text
337 ## - RDA MEDIA
Source rdamedia
Media Type unmediated
338 ## - RDA CARRIER
Source rdacarrier
Carrier Type volume
650 ## - ADDED SUBJECT ACCESS POINT - TOPICAL TERM
Topical Term Children's stories, French
Form Subdivision Translation into English.
650 ## - ADDED SUBJECT ACCESS POINT - TOPICAL TERM
Topical Term Fantasy fiction.
700 1# - ADDED AUTHORIZED ACCESS POINT - PERSONAL NAME
Preferred Name of the Person Woods, Katherine
Dates Associated with the Person 1886-1968
Relator Term illustrator;
-- translator.
700 1# - ADDED AUTHORIZED ACCESS POINT - PERSONAL NAME
Preferred Name of the Person Schwarz, Chole.
942 ## - ADDED ENTRY ELEMENTS (KOHA)
Source of Classification
Koha Item Type Fiction
Holdings
Library Site Location Shelving Location Source of Acquisition Full Classification Number Accession Number Koha Item Type
APEC Bacoor Library APEC Bacoor Library Fiction Institutional Fund FIC Sa229l 2009 B04-0000133 Fiction
APEC Calumpang Library APEC Calumpang Library Fiction Institutional Fund FIC Sa229l 2009 B10-0000163 Fiction
APEC Dasmarinas Library APEC Dasmarinas Library Fiction Institutional Fund FIC Sa229l 2009 B03-0000157 Fiction
APEC España Library APEC España Library Fiction Institutional Fund FIC Sa229l 2009 B11-0000119 Fiction
APEC Grace Park West Library APEC Grace Park West Library Fiction Institutional Fund FIC Sa229l 2009 A09-0000147 Fiction
APEC Grace Park West Library APEC Grace Park West Library Fiction Institutional Fund FIC Sa229l 2009 A09-0000155 Fiction
APEC Grace Park West Library APEC Grace Park West Library Fiction Institutional Fund FIC Sa229l 2009 A09-0000014D Fiction
APEC Grace Park West Library APEC Grace Park West Library Fiction Donation FIC Sa229l 2009 A09-0000028D Fiction
APEC JRU Lipa Library APEC JRU Lipa Library Fiction Institutional Fund FIC Sa229l 2009 B12-0000159 Fiction
APEC Marikina Heights Library APEC Marikina Heights Library Fiction Institutional Fund FIC Sa229l 2009 A08-0000212 Fiction
APEC Concepcion Dos Library APEC Marikina Heights Library Fiction Institutional Fund FIC Sa229l 2009 C02-0000159 Fiction
APEC Marikina Heights Library APEC Marikina Heights Library Fiction Donation FIC Sa229l 2009 A08-0000048D Fiction
APEC Marikina Heights Library APEC Marikina Heights Library Fiction Donation FIC Sa229l 2009 A08-0000049D Fiction
APEC Concepcion Dos Library APEC Marikina Heights Library Fiction Donation FIC Sa229l 2009 C02-0000035D Fiction
APEC Muntinlupa Library APEC Muntinlupa Library Fiction Institutional Fund FIC Sa229l 2009 B01-0000266 Fiction
APEC New Manila Library APEC New Manila Library Fiction Institutional Fund FIC Sa229l 2009 C03-0000160 Fiction
APEC North Fairview Library APEC North Fairview Library Fiction Institutional Fund FIC Sa229l 2009 A04-0000125 Fiction
APEC Ortigas Extension, Cainta Library APEC Ortigas Extension, Cainta Library Fiction Institutional Fund FIC Sa229l 2009 B09-0000153 Fiction
APEC Roxas Boulevard Library APEC Roxas Boulevard Library Fiction Institutional Fund FIC Sa229l 2009 B06-0000123 Fiction
APEC Silangan, Pateros Library APEC Silangan, Pateros Library Fiction Institutional Fund FIC Sa229l 2009 B07-0000043 Fiction
APEC Silangan, Pateros Library APEC Silangan, Pateros Library Fiction Institutional Fund FIC Sa229l 2009 B07-0000138 Fiction
APEC Sta. Rita Library APEC Sta. Rita Library Fiction Institutional Fund FIC Sa229l 2009 B02-0000177 Fiction
APEC Taytay Library APEC Taytay Library Fiction Institutional Fund FIC Sa229l 2009 B08-0000129 Fiction
APEC Tondo Library APEC Tondo Library Fiction Institutional Fund FIC Sa229l 2009 A10-0000172 Fiction
APEC V. Luna Library APEC V. Luna Library Fiction Institutional Fund FIC Sa229l 2009 A01-0000162 Fiction

Powered by Koha